• 首页
  • 本馆介绍
  • 公告通知
  • 最新文献
  • 馆藏检索
  • 电子资源
  • 读者导购
  • 参考咨询
  • 我的图书馆
  • 登录
  • 详细信息显示
  • 放入我的书架
  • 预约/预借图书
  • 作者相关作品
  • 分类相关作品
  • 丛书相关作品
  • 出版社相关作品

书目信息

  • 表格格式
  • 工作单格式
  • 卡片格式
题名:
意大利古典声乐作品98首
    
 
作者: 贾棣然 , 周钰 编著
分册: 七   巴洛克后期及古典时期的意大利声乐独唱作品
出版信息: 重庆   西南师范大学出版社  2017.07
页数: 239页
开本: 31cm
丛书名: 中外经典声乐作品大系
单 册:
中图分类: J652(546)
科图分类:
主题词: 声乐曲--作品集--意大利
电子资源:
ISBN: 978-7-5621-8068-5
000 01249oam2 2200301 450
001 0120172263228
005 20180906150307.04
010    @a978-7-5621-8068-5@dCNY58.00
100    @a20170815d2017 em y0chiy50 ea
101 0  @achi
102    @aCN@b500000
105    @agk z 001yy
106    @ar
200 1  @a意大利古典声乐作品98首@9yi da li gu dian sheng yue zuo pin 98 shou@h七@i巴洛克后期及古典时期的意大利声乐独唱作品@f贾棣然,周钰编著
210    @a重庆@c西南师范大学出版社@d2017.07
215    @a239页@d31cm
225 2  @a中外经典声乐作品大系
312    @a封面英文题名:Italy 98 italian songs of the 17th & 18th centuries
330    @a《意大利古典声乐作品98首》选编了十七八世纪巴洛克时期的古咏叹调及独唱歌曲(包括卡契尼、蒙泰韦尔迪、亚·斯卡拉蒂、维瓦尔第、亨德尔等作曲家的作品)共98首,编译成8册音乐文学集。本书为第七册,主要内容包括:思念的痛苦、啊,我的心、亲爱的新娘等。
333    @a音乐学习者
461  0 @12001 @a中外经典声乐作品大系
510 1  @aItaly 98 italian songs of the 17th & 18th centuries@zeng
606 0  @a声乐曲@x作品集@y意大利
690    @aJ652(546)@v5
701  0 @a贾棣然@9jia dai ran@4编著
701  0 @a周钰@9zhou yu@4编著
801  0 @aCN@b人天书店@c20170815
905    @b1089791-95@dJ652(546)@e660:7@f5
    
    意大利古典声乐作品98首.七.巴洛克后期及古典时期的意大利声乐独唱作品/贾棣然,周钰编著.-重庆:西南师范大学出版社,2017.07
    239页;31cm.-(中外经典声乐作品大系)
    使用对象:音乐学习者
    
    ISBN 978-7-5621-8068-5:CNY58.00
    《意大利古典声乐作品98首》选编了十七八世纪巴洛克时期的古咏叹调及独唱歌曲(包括卡契尼、蒙泰韦尔迪、亚·斯卡拉蒂、维瓦尔第、亨德尔等作曲家的作品)共98首,编译成8册音乐文学集。本书为第七册,主要内容包括:思念的痛苦、啊,我的心、亲爱的新娘等。
●
相关链接 在E读中查询图书 在五车中查询图书 在当当中查询图书 在豆瓣中查询图书


正题名:意大利古典声乐作品98首     索取号:J652(546)/660:7         预约/预借

序号 登录号 条形码 馆藏地/架位号 状态 备注
1 1089791   210897911   第一样本阅览室/ [索取号:J652(546)/660:7] 在馆    
2 1089792   210897920   教育系资料室/ [索取号:J652(546)/660:7] 在馆    
3 1089793   210897939   教育系资料室/ [索取号:J652(546)/660:7] 在馆    
4 1089794   210897948   第一借阅区/ [索取号:J652(546)/660:7] 在馆    
5 1089795   210897957   第一借阅区/ [索取号:J652(546)/660:7] 在馆    
唐山师范学院图书馆 欢迎您!
大连网信软件有限公司© 版权所有